MARC

LEADER 00000nam0a2200000 4500
001 328295
005 20231102004039.0
035 |a (RuTPU)RU\TPU\book\353995 
035 |a RU\TPU\book\77028 
090 |a 328295 
100 |a 20170215d1974 m y0rusy50 ca 
101 0 |a rus 
102 |a RU 
105 |a a j 001zy 
200 1 |a Расчеты и конструирование деталей машин  |e учебник  |f Д. С. Левятов 
210 |a Москва  |c Высшая школа  |d 1974 
215 |a 295 с.  |c ил. 
225 1 |a Профтехобразование. Детали машин 
320 |a Библиогр.: с. 294 
606 1 |a Детали машин  |x Конструкция и расчет  |2 stltpush  |3 (RuTPU)RU\TPU\subj\9169  |9 36447 
610 1 |a зубчатые передачи 
610 1 |a валы 
610 1 |a пружины 
610 1 |a муфты 
610 1 |a редукторы 
610 1 |a материалы 
610 1 |a учебники 
610 1 |a соединения 
610 1 |a клиновые соединения 
610 1 |a штифтовые соединения 
610 1 |a оси 
610 1 |a фрикционные передачи 
610 1 |a цепные передачи 
675 |a 621.81.001.66(075.32)  |v 3 
700 1 |a Левятов  |b Д. С.  |g Давид Самойлович 
801 1 |a RU  |b 63413507  |c 20050115  |g PSBO 
801 2 |a RU  |b 63413507  |c 20170216  |g PSBO 
900 |a Расчет и конструирование деталей и узлов точных прибор 
900 |a Детали машин и основы конструирования 
942 |c BK 
951 |a 550000  |b 030500